La actual situación de la antartida (recorte) /

Guardado en:
Formato: Libro
Publicado: : , 1992
Materias:
Fc
Etiquetas: Agregar Etiqueta
Sin Etiquetas, Sea el primero en etiquetar este registro!
LEADER 00414nam a22001575a 4500
001 CEM.cems007749
005 20060214000000.0
008 130507s1992##################000#0#####d
003 CEMS
082 0 4 |a F320.1 
245 0 0 |a La actual situación de la antartida (recorte) / 
260 |a  :  |b ,  |c 1992 
653 |a Antartida 
653 |a Fc 
653 |a Geopolitica 
859 |a CEMS  |b BIB. CEMS - 11 de abril  |h F320.1  |i 2-6  |p 129.44  |t Ej.1